| 000 | 00885cam a2200313 a 4500 | ||
|---|---|---|---|
| 001 | 000012149 | ||
| 003 | DO-SdBNP | ||
| 005 | 20250401145500.0 | ||
| 008 | 860212s1976 ve a b 001 0 spa | ||
| 035 | _a(DLC) 83204190 | ||
| 040 |
_aDO-SdBNP _bspa _cDLC _dDLC _dBNPHU |
||
| 043 | _as-ve--- | ||
| 049 | _aBNGR | ||
| 082 |
_a398.0987 _bA683, 1976 |
||
| 100 | 1 |
_aAretz, Isabel. _d1909-2005 _928714 |
|
| 245 | 1 | 0 |
_aManual de folklore venezolano / _cIsabel Aretz. |
| 246 | 1 | 0 | _aManual de folklore. |
| 250 | _a4a ed. | ||
| 260 |
_aCaracas : _bMonte Ávila, _c1976. |
||
| 300 |
_a293 p. : _bil. ; _c16 cm. |
||
| 490 | 1 | _aEldorado | |
| 500 | _aIncluye notas al pie de las páginas. | ||
| 650 | 0 |
_aFolclore _zVenezuela _933448 |
|
| 650 | 0 |
_aFolclore _933448 |
|
| 740 | 0 | _aManual de folklore. | |
| 830 | 0 |
_aEldorado _99944 |
|
| 910 | _aCatalogación derivada | ||
| 942 |
_2ddc _cLBS1 |
||
| 999 |
_c11814 _d11814 |
||